| 000 | 00740nam a22002297a 4500 | ||
|---|---|---|---|
| 010 | _aA-710387 | ||
| 020 | _c100.00 | ||
| 035 | _aA-710387 | ||
| 037 | _bCen Lib / Ret | ||
| 040 |
_aDPL _bEN |
||
| 082 |
_a954.52 _bCHA |
||
| 100 | _aChatterjee, Partha | ||
| 245 |
_aBengal, 1920-1947 / _cby Partha Chatterjee |
||
| 260 |
_aCalcutta _bPublished for Centre for Studies in Social Sciences [by] K.P. Bagchi _c1984 |
||
| 270 |
_a204/1 Barrackpore Trunk Road _bCalcutta _e700035 |
||
| 300 |
_a(v 1. lvi, 276p) _c27cm(Hb) |
||
| 490 |
_aCSSSC monograph _v4 |
||
| 650 | _aBengal (India) -- Politics and government. | ||
| 650 | _aPolitics and government | ||
| 650 | _aIndia -- Bengal. | ||
| 942 |
_2ddc _cEN _h954.52 _mCHA |
||
| 999 |
_c137097 _d137097 |
||